| 000 | 00467nam a22001697a 4500 | ||
|---|---|---|---|
| 005 | 20251108164024.0 | ||
| 008 | 250721s1992 xx 000 0 ara d | ||
| 082 | 1 | 4 | _a320.531/نمر |
| 100 | 1 | _aالنمري، فؤاد | |
| 245 | 1 | 0 | _aأزمة الإشتراكية و إنهيار الرأسمالية / |
| 264 | 1 |
_aعمان : _c1992. |
|
| 300 | _a140ص | ||
| 650 | 1 | 7 | _aالإشتراكية |
| 650 | 1 | 7 | _aالرأسمالية |
| 942 |
_2ddc _cBK |
||
| 999 |
_c1636 _d1636 |
||